000 00739 a2200241 4500
003 OSt
005 20260203112230.0
008 120618t xxu||||| |||| 00| 0 eng d
010 _b2002510104
020 _a9780714848433
040 _c0
082 _a720.92
100 _aBuckner, Cory
_9133055
245 1 0 _aA. Quincy Jones /
_cCory Buckner.
260 _aLondon :
_bPhaidon,
_c2002.
300 _a272 p. :
_b ill. ;
_c21 cm.
650 1 0 _aArchitecture, American
_932858
650 1 0 _aArchitecture, Modern
_932028
650 1 0 _aArchitects
_zUnited States
_932713
650 1 0 _aArchitecture
_zCalifornia
_zLos Angeles
_934126
942 _aSADA
_cBK
_k720.92 BUC 2002
_2ddc
999 _c353276
_d353276